000 00748nam0a22002651 4500
001 rc\210811
005 20250620233515.0
035 _a(NLR Aleph) 005460979
090 _a4955059
_c4955059
100 _a20030307d1992 |||y0rusy50 ca
101 0 _arus
102 _aRU
105 _ay |||||||||
200 1 _aЧтобы разрушить дела дьявола
205 _a[2-е изд.]
210 _aСПб.
_cСлово Жизни
_d1992
215 _a32 с.
_d14
300 _aНа 4-й с. обл. авт.: У. Экман, пастор
320 _aБиблиогр.: с. 32
700 1 _aЭкман
_bУ.
_gУльф
801 0 _aRU
_bNLR
_gpsbo
801 1 _aRU
_bELAR
_2rusmarc
852 _aNLR
_j92-1/225
942 _cBOOK
980 _aNB